LIBRARY ONLINE CATALOGUE

Perfomance management and appraisal systems : (Record no. 1989)

MARC details
000 -LEADER
fixed length control field 00619nam a22002052 4500
001 - CONTROL NUMBER
control field 0000002416
005 - DATE AND TIME OF LATEST TRANSACTION
control field 20151217145728.0
008 - FIXED-LENGTH DATA ELEMENTS--GENERAL INFORMATION
fixed length control field 070410s xx 000 0 eng d
020 ## - INTERNATIONAL STANDARD BOOK NUMBER
International Standard Book Number 0761998470 :
Terms of availability KES 665
040 ## - CATALOGING SOURCE
Original cataloging agency KABU
Transcribing agency KABU
050 #0 - LIBRARY OF CONGRESS CALL NUMBER
Classification number HF5549
Item number .R36
100 1# - MAIN ENTRY--PERSONAL NAME
Personal name Rao, T. V.
-- 0000151774
245 10 - TITLE STATEMENT
Title Perfomance management and appraisal systems :
Remainder of title HR tools for global competitiveness.
260 ## - PUBLICATION, DISTRIBUTION, ETC. (IMPRINT)
Place of publication, distribution, etc. New Delhi :
Name of publisher, distributor, etc. Response books,
Date of publication, distribution, etc. 2004.
300 ## - PHYSICAL DESCRIPTION
Extent xix, 330 p.
650 #0 - SUBJECT ADDED ENTRY--TOPICAL TERM
Topical term or geographic name as entry element Personnel management.
-- 0000150761
908 ## - PUT COMMAND PARAMETER (RLIN)
Put command parameter 070410
950 ## - LOCAL HOLDINGS (RLIN)
-- 1
Holdings
Withdrawn status Lost status Source of classification or shelving scheme Not for loan Home library Current library Date acquired Total Checkouts Full call number Barcode Date last seen Price effective from Koha item type
    Library of Congress Classification   Kabarak, Main Campus Kabarak, Main Campus 17/12/2015   HF5549 .R36 003693 02/08/2024 17/12/2015 General Collection